000 00493cas a22001935a 4500
001 L136881
008 070228c2004 xxkmr p 0 a0eng u
022 1 _a1745-0160
035 _a(Sirsi) u136881
041 0 _aeng
110 2 _aWorkplace Law Group
_94840
245 0 0 _aWorkplace law
260 _aWarwick
_bWorkplace Law Group
_c2004-
362 _a(2) February 2005-
554 _a10 per year
651 4 _aUnited Kingdom
_y
690 _aMANAGEMENT-BUSINESS MANAGEMENT
942 _n0
999 _c118878
_d118878